Agricultural Extension and Rural Development:Breaking Out of Traditions (Record no. 9471)

MARC details
000 -LEADER
fixed length control field 00453nam a22001577a 4500
003 - CONTROL NUMBER IDENTIFIER
control field OSt
005 - DATE AND TIME OF LATEST TRANSACTION
control field 20211005115342.0
008 - FIXED-LENGTH DATA ELEMENTS--GENERAL INFORMATION
fixed length control field 211005b |||||||| |||| 00| 0 eng d
020 ## - INTERNATIONAL STANDARD BOOK NUMBER
International Standard Book Number 0-521-64201-9
040 ## - CATALOGING SOURCE
Transcribing agency Hawassa University
050 ## - LIBRARY OF CONGRESS CALL NUMBER
Classification number 630.715/AGR
Item number 2
082 ## - DEWEY DECIMAL CLASSIFICATION NUMBER
Edition number 1
Classification number 630.715/AGR
Item number 2
245 ## - TITLE STATEMENT
Title Agricultural Extension and Rural Development:Breaking Out of Traditions
260 ## - PUBLICATION, DISTRIBUTION, ETC.
Place of publication, distribution, etc. Australia
Name of publisher, distributor, etc. Cambridge University
Date of publication, distribution, etc. 2000
942 ## - ADDED ENTRY ELEMENTS (KOHA)
Source of classification or shelving scheme Dewey Decimal Classification
Koha item type Books like text book referance book
Suppress in OPAC No
Holdings
Withdrawn status Lost status Source of classification or shelving scheme Damaged status Not for loan Home library Current library Date acquired Total Checkouts Full call number Barcode Date last seen Copy number Price effective from Koha item type
    Dewey Decimal Classification     College of Agriculture Library College of Agriculture Library 10/05/2021   630.715/AGR ALIB0012010 10/05/2021 1 10/05/2021 Books like text book referance book
    Dewey Decimal Classification     College of Agriculture Library College of Agriculture Library 10/05/2021   630.715/AGR ALIB0012011 10/05/2021 2 10/05/2021 Books like text book referance book